<?xml version="1.0" encoding="UTF-8"?>
<record
    xmlns:xsi="http://www.w3.org/2001/XMLSchema-instance"
    xsi:schemaLocation="http://www.loc.gov/MARC21/slim http://www.loc.gov/standards/marcxml/schema/MARC21slim.xsd"
    xmlns="http://www.loc.gov/MARC21/slim">

  <leader>02095nam a22003137a 4500</leader>
  <controlfield tag="008">251118b        |||||||| |||| 00| 0 eng d</controlfield>
  <datafield tag="020" ind1=" " ind2=" ">
    <subfield code="a">9780356516141</subfield>
  </datafield>
  <datafield tag="040" ind1=" " ind2=" ">
    <subfield code="c">tbs</subfield>
  </datafield>
  <datafield tag="041" ind1=" " ind2=" ">
    <subfield code="a">eng</subfield>
  </datafield>
  <datafield tag="100" ind1=" " ind2=" ">
    <subfield code="a">North, Claire</subfield>
    <subfield code="9">26321</subfield>
    <subfield code="e">author</subfield>
  </datafield>
  <datafield tag="245" ind1=" " ind2=" ">
    <subfield code="a">The last song of Penelope</subfield>
    <subfield code="c">/ Claire North.</subfield>
  </datafield>
  <datafield tag="260" ind1=" " ind2=" ">
    <subfield code="a">London :</subfield>
    <subfield code="b">Orbit,</subfield>
    <subfield code="c">2025.</subfield>
  </datafield>
  <datafield tag="300" ind1=" " ind2=" ">
    <subfield code="a">388 pages ;</subfield>
    <subfield code="c">20 cm.</subfield>
  </datafield>
  <datafield tag="490" ind1=" " ind2=" ">
    <subfield code="a">Songs of Penelope novel ;</subfield>
    <subfield code="v">bk. 3</subfield>
  </datafield>
  <datafield tag="520" ind1=" " ind2=" ">
    <subfield code="a">Many years ago, Odysseus sailed to war and never returned. For twenty years his wife Penelope and the women of Ithaca have guarded the isle against suitors and rival kings. But peace cannot be kept forever, and the balance of power is about to break... A beggar has arrived at the Palace. Salt-crusted and ocean-battered, he is scorned by the suitors - but Penelope recognises in him something terrible: her husband, Odysseus, returned at last. Yet this Odysseus is no hero. By returning to the island in disguise, he is not merely plotting his revenge against the suitors - vengeance that will spark a civil war - but he's testing the loyalty of his queen. Has she been faithful to him all these years? And how much blood is Odysseus willing to shed to be sure? The song of Penelope is ending, and the song of Odysseus must ring through Ithaca's halls. But first, Penelope must use all her cunning to win a war for the fate of the island and keep her family alive, whatever the cost...</subfield>
  </datafield>
  <datafield tag="650" ind1=" " ind2="0">
    <subfield code="a">Electra (Greek mythological figure)</subfield>
    <subfield code="v">Fiction</subfield>
    <subfield code="9">26536</subfield>
  </datafield>
  <datafield tag="650" ind1=" " ind2="0">
    <subfield code="a">Odysseus, King of Ithaca (Mythological character)</subfield>
    <subfield code="v">Fiction</subfield>
    <subfield code="9">26323</subfield>
  </datafield>
  <datafield tag="650" ind1=" " ind2="0">
    <subfield code="a">Orestes, King of Argos (Mythological character)</subfield>
    <subfield code="v">Fiction</subfield>
    <subfield code="9">26537</subfield>
  </datafield>
  <datafield tag="650" ind1=" " ind2="0">
    <subfield code="a">Penelope (Greek mythological character)</subfield>
    <subfield code="v">Fiction</subfield>
    <subfield code="9">26322</subfield>
  </datafield>
  <datafield tag="650" ind1=" " ind2="0">
    <subfield code="a">Goddesses</subfield>
    <subfield code="z">Greece </subfield>
    <subfield code="v">Fiction</subfield>
    <subfield code="9">26538</subfield>
  </datafield>
  <datafield tag="650" ind1=" " ind2="0">
    <subfield code="a">Gods</subfield>
    <subfield code="z">Greece</subfield>
    <subfield code="v">Fiction</subfield>
    <subfield code="9">26539</subfield>
  </datafield>
  <datafield tag="650" ind1=" " ind2="0">
    <subfield code="a">Kings and rulers</subfield>
    <subfield code="v">Fiction</subfield>
    <subfield code="9">25383</subfield>
  </datafield>
  <datafield tag="650" ind1=" " ind2="0">
    <subfield code="a">Queens</subfield>
    <subfield code="v">Fiction</subfield>
    <subfield code="9">26540</subfield>
  </datafield>
  <datafield tag="650" ind1=" " ind2="0">
    <subfield code="a">Revenge</subfield>
    <subfield code="v">Fiction</subfield>
    <subfield code="9">11490</subfield>
  </datafield>
  <datafield tag="651" ind1=" " ind2="0">
    <subfield code="a">Ithaca Island (Greece)</subfield>
    <subfield code="v">Fiction</subfield>
    <subfield code="9">26324</subfield>
  </datafield>
  <datafield tag="655" ind1=" " ind2="0">
    <subfield code="a">Historical fiction</subfield>
    <subfield code="9">22722</subfield>
  </datafield>
  <datafield tag="655" ind1=" " ind2="0">
    <subfield code="a">Mythological fiction</subfield>
    <subfield code="9">26204</subfield>
  </datafield>
  <datafield tag="942" ind1=" " ind2=" ">
    <subfield code="2">lcc</subfield>
  </datafield>
  <datafield tag="952" ind1=" " ind2=" ">
    <subfield code="0">0</subfield>
    <subfield code="1">0</subfield>
    <subfield code="2">lcc</subfield>
    <subfield code="4">0</subfield>
    <subfield code="7">0</subfield>
    <subfield code="a">TBS</subfield>
    <subfield code="b">TBS</subfield>
    <subfield code="d">2025-11-18</subfield>
    <subfield code="l">0</subfield>
    <subfield code="o">P-EN NOR</subfield>
    <subfield code="p">B05629</subfield>
    <subfield code="r">2025-11-18</subfield>
    <subfield code="t">1</subfield>
    <subfield code="w">2025-11-18</subfield>
    <subfield code="y">1</subfield>
  </datafield>
  <datafield tag="999" ind1=" " ind2=" ">
    <subfield code="c">5188</subfield>
    <subfield code="d">5188</subfield>
  </datafield>
</record>
